[Event "EU-ch U16 23rd"]
[Site "Budva"]
[Date "2013.10.08"]
[Round "9"]
[White "Vikharev, Alexey"]
[Black "Matijevic, Ivan"]
[Result "1/2-1/2"]
[WhiteElo "1821"]
[BlackElo "1651"]
[PlyCount "80"]
[EventDate "2013.09.29"]
[EventType "swiss"]
[EventRounds "9"]
[EventCountry "MNE"]
[SourceTitle "CBM 156 Extra"]
[Source "ChessBase"]
[SourceDate "2013.10.22"]
[SourceVersion "1"]
[SourceVersionDate "2013.10.22"]
[SourceQuality "1"]

1. e4 d6 2. d4 Nf6 3. Nc3 g6 4. f4 Bg7 5. Nf3 0-0 6. Be3 c6 7. Be2 d5 8. e5 Ne8 9. Qd2 Nc7 10. 0-0-0 f5 11. h4 h5 12. Ng5 Ne6 13. Qd3 Nxg5 14. hxg5 e6 15. Rdg1 Kf7 16. Na4 Nd7 17. c4 Nb6 18. Nxb6 Qxb6 19. Kb1 Bd7 20. Rc1 Rfc8 21. Rc3 Qa5 22. Qd1 b5 23. cxb5 cxb5 24. Qb3 Rxc3 25. Qxc3 Qxc3 26. bxc3 Rc8 27. Kb2 Bf8 28. Bd2 a6 29. a3 Rb8 30. Kb3 Be8 31. g3 Bd7 32. Rc1 a5 33. Rh1 a4+ 34. Kb2 Ra8 35. Rc1 Rb8 36. Rh1 Ra8 37. Rc1 Rb8 38. Rh1 Ra8 39. Rc1 Rb8 40. Rh1 Ra8 1/2-1/2

[Event "EU-ch U16 23rd"]
[Site "Budva"]
[Date "2013.10.03"]
[Round "5"]
[White "Matijevic, Ivan"]
[Black "Thybo, Jesper Sondergaard"]
[Result "0-1"]
[WhiteElo "1651"]
[BlackElo "2116"]
[PlyCount "66"]
[EventDate "2013.09.29"]
[EventType "swiss"]
[EventRounds "9"]
[EventCountry "MNE"]
[SourceTitle "CBM 156 Extra"]
[Source "ChessBase"]
[SourceDate "2013.10.22"]
[SourceVersion "1"]
[SourceVersionDate "2013.10.22"]
[SourceQuality "1"]

1. d4 Nf6 2. c4 e6 3. Nc3 c5 4. d5 exd5 5. Nxd5 Nxd5 6. Qxd5 d6 7. Bf4 Nc6 8. Nf3 Be6 9. Qd3 Qf6 10. e3 Qxb2 11. Qb1 Qc3+ 12. Nd2 Nb4 13. Kd1 Nc2 14. Qb5+ Bd7 15. Qxb7 Qxa1+ 16. Kxc2 Qxa2+ 17. Kd3 Rd8 18. Qe4+ Be7 19. Ke2 Qa6 20. f3 d5 21. Qxd5 0-0 22. Bc7 Be6 23. Bxd8 Bxd5 24. Bxe7 Rb8 25. Kf2 Qa2 26. cxd5 Qxd2+ 27. Be2 Rb2 28. Re1 Qxd5 29. Kf1 Qe5 30. Bh4 Qxh2 31. Bf2 h6 32. Ra1 Qh1+ 33. Bg1 c4 0-1